000 01199nam a22002895i 4500
001 10997
003 ES-MaACL
005 20240125164724.0
007 t|
008 940706s1994 sp ||||0| spa j
020 _a84-7658-419-9
040 _aM-BN
_bspa
_cM-BN
080 _a1 Kant, Immanuel
245 0 0 _aKant: de la Crítica a la filosofía de la religión
_b: en el bicentenario de La Religión en los límites de la mera razón /
_cDulce María Granja Castro (coord.) ; prólogo de Fernando Salmerón ; H.E. Allison ... [et al.].
250 _a1ª ed.
260 _aBarcelona :
_bAnthropos ;
_aMéxico :
_bUniversidad Autónoma Metropolitana, Unidad Iztapalapa,
_c1994.
300 _a217 p ;
_c20 cm.
490 1 _aAutores, textos y temas. Filosofía ;
_v45
600 1 4 _aKant, Immanuel,
_d1724-1804-
_xCrítica e interpretación
_967497
700 1 _aGranja Castro, Dulce María.
_959644
700 1 _aAllison, Henry E.
_920044
700 1 _aSalmerón, Fernando.
_9101988
710 2 _aUniversidad Autónoma Metropolitana.
_9169907
830 0 _aAutores, textos y temas. Filosofía ;
_v45
_9177263
852 _aES-MaACL
_jL-18351
_bR.122534
999 _c10997
_d10997